000 00801nam a2200229Ia 4500
003 OSt
005 20220925232534.0
006 a|||||r|||| 00| 0
007 ta
008 220923b |||||||| |||| 00| 0 eng d
037 _cGeneral Book
040 _aRTL
_cRTL
_beng
041 _2eng
_aeng
082 _aXM,6.2,g,Ns, N0;N3
110 _aNATIONAL BANK FOR AGRICULTURE AND RURAL DEVELOPMENT (NABARD)
_9297415
245 0 _aStatistical statements relating to the co-operative movement in India
260 _aMumbai
_bNational Bank for Agriculture and Rural Development (NABARD)
300 _aLii; 948p,
_ccm.
700 _aNATIONAL BANK FOR AGRICULTURE AND RURAL DEVELOPMENT (NABARD)
_9297416
942 _hXM,6.2,g,Ns, N0;N3
_cGB
_2CC
999 _c591550
_d591550